000 00664nam a22002177a 4500
003 UA-OsUOA
001 48271
007 ta
008 20121227b un ||||| |||| 00| 0 ukr d
090 _a94(477).152
_bК64
942 _cBK
040 _aUA-OsUOA
_bukr
_cUA-OsUOA
_dUA-OsUOA
245 _aXVII Конгрес Українців Америки, 18-20 жовтня 1996 р.
300 _a229 с.
955 _a4
041 _aukr
080 _a94(477).152
650 7 _a9 Географія. Біографії. Історія
_2UDC
999 _c428375
_d428375